000 00580nam a22001697a 4500
003 MACL
005 20160726133909.0
008 160726b xxu||||| |||| 00| 0 eng d
040 _cMACL
041 _aHindi
082 _a800 SHA
100 _aशर्मा, कन्‍हैयालाल
_953443
245 _aसाहित्‍य विधाऍ
_cकन्‍हैयालाल शर्मा
260 _aबीकानेर
_bज्‍योति पब्लिकेशन्‍स
650 _aसाहित्‍य
_965355
942 _2ddc
_cHIN
999 _c55010
_d55010